Statistics for Countries by Landmark

Click here to take the quiz!

General Stats

  • This quiz has been taken 23 times
  • The average score is 13 of 16

Answer Stats

Answer% Correct
United States
100%
Brazil
100%
France
95%
United Kingdom
95%
China
95%
Italy
95%
Australia
95%
Greece
95%
Germany
80%
Israel
80%
Saudi Arabia
80%
Jordan
70%
Russia
70%
Turkey
65%
Japan
60%
Taiwan
45%

Score Distribution

Percentile by Number Answered

Percent of People with Each Score

Your Score History

You have not taken this quiz